000 00787nam a2200241 i 4500
001 17910
003 ES-MaACL
005 20230906151719.0
007 t|
008 010620s2000 sp ||||1| spa d
020 _a84-8102-257-8
080 _a821.134.2-4"19"
100 1 _aTorre, Matilde de la.
_9110753
245 1 0 _aDon Quijote, rey de España /
_cMatilde de la Torre ; estudio preliminar, Antonio Martínez Cerezo.
260 _aSantander :
_bUniversidad de Cantabria, Servicio de Publicaciones,
_c[2000]
300 _a165 p. ;
_c19 cm.
490 1 _aCantabria 4 estaciones
700 1 _aMartínez Cerezo, Antonio.
_977946
710 2 _aUniversidad de Cantabria.
_97160
830 1 _aCantabria 4 estaciones
_9180649
852 4 _aES-MaACL
_jL-24673
999 _c17910
_d17910